00801nam a2200241Ia 4500003000900000008004100009020001800050040001600068080001500084100002700099245009600126250001200222260004000234300001600274650002800290650001600318650002400334650002000358700002700378942000700405999001700412952013000429IN-BaIIA211028s9999 xx 000 0 eng d a81-7758-279-8 cIIA Library a539.1bBRA aBransden, B. H.913922 0aPhysics of atoms and moleculescB. H. Bransden and C. J. Joachain  a2nd ed. aNew DelhibDorling Kindersleyc2007 axiv, 1114p. aAtomic collisions91546 aAtoms91137 aMolecular structure aMolecules94897 aJoachain, C. J.913923 cBK c16802d16802 00104070aBANbKODcGENd2008-03-20eANJ g650.00l0o539.1/ BRAp17724r2021-11-05v650.00w2008-03-20yBKGRs. 650.00